The solid facts. (Registro nro. 1471)

Detalles MARC
000 -LEADER
fixed length control field 00632nam a2200229 a 4500
003 - CONTROL NUMBER IDENTIFIER
control field OSt
005 - FECHA ULTIMA MODIFICACION
control field 20190627112206.0
008 - FIXED-LENGTH DATA ELEMENTS--GENERAL INFORMATION
fixed length control field 130530s2004 dk ||||| |||| 00| 0 eng d
020 ## - INTERNATIONAL STANDARD BOOK NUMBER
International Standard Book Number 92 890 1091 6
040 ## - CATALOGING SOURCE
Transcribing agency Biblioteca Medicina
041 ## - LANGUAGE CODE
Language code of text/sound track or separate title eng
082 ## - DEWEY DECIMAL CLASSIFICATION NUMBER
Classification number OMS E 82933
100 1# - MAIN ENTRY--PERSONAL NAME
Personal name Davies, Elizabeth ed.
9 (RLIN) 2375
245 ## - TITLE STATEMENT
Title The solid facts.
Remainder of title Palliative Care
250 ## - EDITION STATEMENT
Edition statement 1 ° ed.
260 ## - PUBLICATION, DISTRIBUTION, ETC. (IMPRINT)
Place of publication, distribution, etc Copenague
Name of publisher, distributor, etc Organizacion Mundial de la Salud
Date of publication, distribution, etc 2004
300 ## - PHYSICAL DESCRIPTION
Extent 32 p.
500 ## - GENERAL NOTE
General note Baja Depósito Caja 33 Junio 2019<br/><br/><br/>
653 ## - INDEX TERM--UNCONTROLLED
Uncontrolled term CUIDADOS PALIATIVOS
700 10 - ADDED ENTRY--PERSONAL NAME
Personal name Higginson, Irene ed.
9 (RLIN) 2376
942 ## - ADDED ENTRY ELEMENTS (KOHA)
Source of classification or shelving scheme Dewey Decimal Classification
Koha item type Hemeroteca
Existencias
Withdrawn status Lost status Fuente de clasificación Damaged status Use restrictions Not for loan Colección Ubicación permanente Ubicación actual Sala de ubicación Fecha de adquisición Total Checkouts Número de clasificación Código de barras Date last seen Número de ejemplar Price effective from Koha tipo de elemento (item)
    Dewey Decimal Classification   Restricted Access Not For Loan Non-fiction Biblioteca Medicina Biblioteca Medicina Circulación 30/05/2013   OMS E 82933 H0010 06/11/2014 Ej. 1 30/05/2013 Hemeroteca

UNIVERSIDAD NACIONAL DEL COMAHUE
Biblioteca de la Facultad de Ciencias Médicas
Sede Toschi: Los Arrayanes y Av. Toschi, Cipolletti  - Rio Negro
Sede Los Tordos:  Yrigoyen al 2211, Cipolletti - Rio Negro 

Teléfono: 0299 - 4774707 int 25
Contacto: biblioteca@facimed.uncoma.edu.ar
© 2011 - 2026